[Event "Camp. rumeno fem 2015"]
[Site "Calimanesti ROM"]
[Date "2015.04.21"]
[Round "4"]
[White "Pancu, Aureliana-Eugenia"]
[Black "Stanciu, Ioana-Georgiana"]
[Result "0-1"]
[WhiteElo "1970"]
[BlackElo "1829"]
[PlyCount "102"]
[EventDate "2015.04.18"]
[EventRounds "9"]

1. d4 Nf6 2. c4 g6 3. g3 Bg7 4. Bg2 O-O 5. Nf3 d6 6. O-O Nc6 7. Nc3 Rb8 8. Bf4
h6 9. Rc1 g5 10. Be3 a6 11. d5 Na5 12. b3 c5 13. Qc2 b5 14. cxb5 axb5 15. Rfd1
Qc7 16. h4 g4 17. Ne1 e6 18. Qd2 exd5 19. Nxd5 Nxd5 20. Bxd5 Kh7 21. Bf4 Rd8
22. b4 Nb7 23. Qd3+ Kh8 24. Bxb7 Bxb7 25. Bxd6 Qc6 26. e4 c4 27. Kf1 cxd3 28.
Rxc6 Bxc6 29. Bxb8 Rxb8 30. Rxd3 Bxe4 31. Rd7 Rb7 32. Rd8+ Kh7 33. Re8 Bd5 34.
a3 Ra7 35. Nc2 Bb3 36. Ne3 Rxa3 37. Nxg4 Bc4+ 38. Kg2 Rb3 39. Ne3 Rxb4 40. Re7
Be6 41. Kf1 Rb2 42. g4 b4 43. f4 Bd4 44. f5 Bb3 45. g5 Bxe3 46. Rxe3 Bc4+ 47.
Ke1 b3 48. Kd1 Rf2 49. g6+ fxg6 50. fxg6+ Kxg6 51. Kc1 Kf6 0-1

[Event "Camp. rumeno fem 2015"]
[Site "Calimanesti ROM"]
[Date "2015.04.22"]
[Round "5"]
[White "Stanciu, Ioana-Georgiana"]
[Black "Foisor, Cristina Adela B"]
[Result "0-1"]
[WhiteElo "1829"]
[BlackElo "2384"]
[PlyCount "69"]
[EventDate "2015.04.18"]
[EventRounds "9"]

1. e4 b6 2. d4 Bb7 3. Nc3 e6 4. Bd3 g6 5. Be3 Bg7 6. Qd2 h6 7. f3 d6 8. Nh3 a6
9. Nf2 Nd7 10. h4 c5 11. Ne2 Qc7 12. c4 cxd4 13. Bxd4 Ngf6 14. g4 Ne5 15. Rh3
Nfd7 16. f4 Nxd3+ 17. Rxd3 e5 18. Bc3 Bf8 19. Rc1 Be7 20. b4 Rh7 21. h5 gxh5
22. gxh5 exf4 23. Nxf4 Ne5 24. Rg3 Bg5 25. c5 dxc5 26. N2h3 Bh4 27. Qe3 O-O-O
28. Kf1 Nc4 29. Qg1 Bxg3 30. bxc5 Bxf4 31. cxb6 Qd6 32. Qg4+ f5 33. Qxf5+ Rhd7
34. Nxf4 Ne3+ 35. Ke1 0-1

[Event "Camp. rumeno fem 2015"]
[Site "Calimanesti ROM"]
[Date "2015.04.23"]
[Round "6"]
[White "Cosman, Andreea-Marioara"]
[Black "Stanciu, Ioana-Georgiana"]
[Result "1-0"]
[WhiteElo "2080"]
[BlackElo "1829"]
[PlyCount "73"]
[EventDate "2015.04.18"]
[EventRounds "9"]

1. d4 Nf6 2. c4 g6 3. f3 Bg7 4. e4 d6 5. Nc3 a6 6. Be3 Nc6 7. Nge2 Rb8 8. Rc1
O-O 9. Qd2 Bd7 10. g3 Re8 11. Bg2 b5 12. cxb5 axb5 13. Nd1 e6 14. O-O Ra8 15.
b3 Ra3 16. Rc2 Qa8 17. Bg5 Qa7 18. f4 Ne7 19. Nf2 c6 20. Kh1 Ra8 21. Nc1 h6 22.
Bh4 Rc8 23. g4 c5 24. Bxf6 Bxf6 25. e5 dxe5 26. fxe5 Bg5 27. Qd3 c4 28. Qf3 Bc6
29. Ne4 Nf5 30. gxf5 exf5 31. d5 fxe4 32. Qh3 Bd7 33. e6 fxe6 34. dxe6 Be8 35.
Rcf2 Qc5 36. Rf8+ Kg7 37. Qc3+ 1-0

[Event "Camp. rumeno fem 2015"]
[Site "Calimanesti ROM"]
[Date "2015.04.24"]
[Round "7"]
[White "Stanciu, Ioana-Georgiana"]
[Black "Moldovan ,  Petruta-Alisia "]
[Result "1-0"]
[WhiteElo "1829"]
[BlackElo "1705"]
[PlyCount "43"]
[EventDate "2015.04.18"]
[EventRounds "9"]

1. e4 c6 2. d4 d5 3. e5 Bf5 4. h4 h6 5. g4 Be4 6. f3 Bh7 7. e6 fxe6 8. Bd3 Qd6
9. f4 Nd7 10. Bxh7 Rxh7 11. Qd3 Rh8 12. Qg6+ Kd8 13. Qf7 Ngf6 14. Nf3 Nxg4 15.
Rg1 Ngf6 16. Ne5 Kc7 17. Ng6 Rg8 18. Nc3 a6 19. Ne2 c5 20. f5 e5 21. dxe5 Nxe5
22. Nxe5 1-0

[Event "Camp. rumeno fem 2015"]
[Site "Calimanesti ROM"]
[Date "2015.04.25"]
[Round "8"]
[White "Stanciu, Ioana-Georgiana"]
[Black "Nastase, Andreea Cristina"]
[Result "1-0"]
[WhiteElo "1829"]
[BlackElo "1842"]
[PlyCount "53"]
[EventDate "2015.04.18"]
[EventRounds "9"]

1. e4 c5 2. Nf3 d6 3. d4 cxd4 4. Nxd4 Nf6 5. Nc3 a6 6. f4 Qc7 7. Qf3 g6 8. Be3
Bg7 9. Bd3 Nc6 10. Nxc6 bxc6 11. O-O Ng4 12. f5 Ne5 13. Qh3 Bf6 14. Kh1 h5 15.
Be2 g5 16. Bd4 g4 17. Qe3 Bb7 18. b4 Rc8 19. Na4 Nd7 20. Bxf6 Nxf6 21. e5 Nd5
22. Qg5 dxe5 23. Nc5 Nf6 24. Bc4 Rg8 25. Qe3 Qb6 26. Qxe5 Qxb4 27. Rfe1 1-0

[Event "Camp. rumeno fem 2015"]
[Site "Calimanesti ROM"]
[Date "2015.04.26"]
[Round "9"]
[White "Sgircea, Silvia Raluca"]
[Black "Stanciu, Ioana-Georgiana"]
[Result "1-0"]
[WhiteElo "2275"]
[BlackElo "1829"]
[PlyCount "82"]
[EventDate "2015.04.18"]
[EventRounds "9"]

1. Nf3 Nf6 2. c4 g6 3. g3 Bg7 4. Bg2 d6 5. d4 O-O 6. O-O Nc6 7. Nc3 Rb8 8. Bf4
a6 9. Rc1 h6 10. h4 Nh5 11. Be3 Bd7 12. Qd2 Kh7 13. Rfd1 b5 14. cxb5 axb5 15.
Nd5 e6 16. Nf4 Nf6 17. Nh2 Ne7 18. Qa5 c6 19. Qb4 Ra8 20. a3 Qb8 21. Qe1 Nfd5
22. Nxd5 Nxd5 23. Bxd5 exd5 24. Qd2 Ra4 25. Qc2 Rc8 26. Rd2 c5 27. dxc5 dxc5
28. Rxd5 Be6 29. Rxc5 Rxc5 30. Bxc5 Be5 31. Nf1 Bd5 32. Bb4 Ra6 33. Qd2 Qb7 34.
Ne3 Be4 35. Ng4 Bg7 36. Bc3 f5 37. Bxg7 Qxg7 38. Qd8 fxg4 39. Rc7 Ra4 40. Rxg7+
Kxg7 41. b3 Rxa3 1-0

[Event "Campionatul National de sah al Romaniei"]
[Site "Calimanesti-Caciulata"]
[Date "2015.03.30"]
[Round "1.3"]
[White "Stanciu, Ioana-Georgiana"]
[Black "Corolea, Diana-Gabriela"]
[Result "1-0"]
[WhiteElo "1829"]
[BlackElo "1613"]
[PlyCount "69"]
[EventDate "2015.03.30"]
[EventRounds "5"]

1. e4 e6 2. d4 d5 3. Nc3 Bb4 4. e5 Bd7 5. Qg4 g6 6. Bd3 Nc6 7. Nf3 f6 8. Qh4
Kf7 9. exf6 Nxf6 10. Bg5 Be7 11. O-O Kg8 12. Ne5 Be8 13. Rae1 h6 14. Nxg6 Bxg6
15. Bxf6 Bxf6 16. Qg4 Ne7 17. Bxg6 Nxg6 18. Qxg6+ Kf8 19. Rxe6 Bxd4 20. Qf5+
Kg8 21. Nxd5 Rh7 22. Qg4+ Bg7 23. Ne7+ Kh8 24. Rd1 Qb8 25. Rd7 Bxb2 26. Ng6+
Kg8 27. Rxh7 Kxh7 28. Ne5 Bxe5 29. Qg6+ Kh8 30. Qxh6+ Kg8 31. Rxe5 Qd8 32. Qg6+
Kf8 33. Rf5+ Ke7 34. Rf7+ Ke8 35. Qg8# 1-0

[Event "Campionatul National de sah al Romaniei"]
[Site "Calimanesti-Caciulata"]
[Date "2015.03.31"]
[Round "2.2"]
[White "Bracacescu, Raluca-Veronica"]
[Black "Stanciu, Ioana-Georgiana"]
[Result "0-1"]
[WhiteElo "1707"]
[BlackElo "1829"]
[PlyCount "72"]
[EventDate "2015.03.30"]
[EventRounds "5"]

1. e4 c5 2. Nc3 e6 3. f4 d5 4. Bb5+ Nc6 5. Nf3 d4 6. Ne2 Nf6 7. Bxc6+ bxc6 8.
d3 Be7 9. O-O a5 10. Ne5 Qc7 11. b3 O-O 12. Bd2 Rd8 13. Nc4 a4 14. Qe1 Re8 15.
Ng3 Ba6 16. f5 Bxc4 17. bxc4 Bd6 18. fxe6 Rxe6 19. Rf3 Rb8 20. Rb1 Ng4 21.
Rxb8+ Qxb8 22. h3 Ne5 23. Rf1 Nxc4 24. Nf5 Na3 25. Qc1 c4 26. Nxd4 Bc5 27. Be3
Qb6 28. Nf5 Nxc2 29. Bxc5 Qxc5+ 30. Kh1 cxd3 31. Qb2 Qf8 32. Qc3 g6 33. Qxd3
Nb4 34. Nd4 Nxd3 35. Nxe6 fxe6 36. Rxf8+ Kxf8 0-1

[Event "Campionatul National de sah al Romaniei"]
[Site "Calimanesti-Caciulata"]
[Date "2015.04.01"]
[Round "3.2"]
[White "Stanciu, Ioana-Georgiana"]
[Black "Andras, Cristina-Maria"]
[Result "1-0"]
[WhiteElo "1829"]
[BlackElo "1529"]
[PlyCount "45"]
[EventDate "2015.03.30"]
[EventRounds "5"]

1. e4 c5 2. Nf3 Nc6 3. d4 cxd4 4. Nxd4 g6 5. Nc3 Bg7 6. Nxc6 bxc6 7. Bc4 Bb7 8.
Bf4 d6 9. Qf3 Nf6 10. O-O-O Qb6 11. e5 c5 12. Bb5+ Kf8 13. Qd3 Nh5 14. exd6
exd6 15. Bxd6+ Kg8 16. Rhe1 Bh6+ 17. Kb1 Kg7 18. Be5+ Nf6 19. Qd6 Qxd6 20. Rxd6
Bg5 21. f4 Bxf4 22. Bxf4 Bxg2 23. Be5 1-0

[Event "Campionatul National de sah al Romaniei"]
[Site "Calimanesti-Caciulata"]
[Date "2015.04.02"]
[Round "4.3"]
[White "Cusmuliuc, Diana Elena"]
[Black "Stanciu, Ioana-Georgiana"]
[Result "1/2-1/2"]
[WhiteElo "2038"]
[BlackElo "1829"]
[PlyCount "45"]
[EventDate "2015.03.30"]
[EventRounds "5"]

1. f4 d5 2. Nf3 g6 3. g3 Bg7 4. Bg2 Nf6 5. O-O O-O 6. d3 c5 7. Qe1 Nc6 8. e3
Nd7 9. e4 dxe4 10. dxe4 e5 11. f5 gxf5 12. Nh4 fxe4 13. Nf5 c4 14. Qf2 Nf6 15.
Nxg7 Kxg7 16. h3 Nh5 17. g4 Nf4 18. Bxf4 exf4 19. Qxf4 f5 20. Nd2 fxg4 21.
Qxf8+ Qxf8 22. Rxf8 Kxf8 23. hxg4 1/2-1/2

[Event "Campionatul National de sah al Romaniei"]
[Site "Calimanesti-Caciulata"]
[Date "2015.04.02"]
[Round "5.1"]
[White "Stanciu, Ioana-Georgiana"]
[Black "Varga, Adrienn"]
[Result "1-0"]
[WhiteElo "1829"]
[BlackElo "1716"]
[PlyCount "79"]
[EventDate "2015.03.30"]
[EventRounds "5"]

1. e4 c5 2. Nf3 d6 3. d4 cxd4 4. Nxd4 Nf6 5. Nc3 g6 6. Be3 Bg7 7. Bc4 Qc7 8.
Bb3 a6 9. f3 O-O 10. Qd2 Nc6 11. O-O-O Na5 12. Kb1 Nxb3 13. axb3 b5 14. h4 Bb7
15. g4 Rac8 16. h5 e5 17. Nde2 Rfd8 18. hxg6 fxg6 19. Nd5 Bxd5 20. exd5 Rf8 21.
Ng3 Rf7 22. Qh2 Bh8 23. Rd2 a5 24. Qh6 Nxd5 25. Bg5 Nf6 26. Bxf6 Bxf6 27. Ne4
d5 28. Rxd5 Qxc2+ 29. Ka1 Qc6 30. Rd6 Qb7 31. Rxf6 Rg7 32. Rd6 Qf7 33. Qe3 a4
34. Rhd1 Qc7 35. bxa4 Ra8 36. Nc5 Re7 37. Rd7 Rxd7 38. Rxd7 Rxa4+ 39. Kb1 Qc8
40. Qh6 1-0

[Event "Campionatul National de sah al Romaniei"]
[Site "Calimanesti-Caciulata"]
[Date "2015.04.03"]
[Round "6.2"]
[White "Cosman, Andreea-Marioara"]
[Black "Stanciu, Ioana-Georgiana"]
[Result "1-0"]
[WhiteElo "2074"]
[BlackElo "1829"]
[PlyCount "91"]
[EventDate "2015.03.30"]
[EventRounds "5"]

1. d4 Nf6 2. c4 g6 3. Nc3 Bg7 4. Nf3 d6 5. Bg5 h6 6. Bh4 g5 7. Bg3 Nh5 8. e3
Nxg3 9. hxg3 c5 10. d5 Bg4 11. Qc2 Nd7 12. Bd3 Ne5 13. Nxe5 Bxe5 14. f4 Bg7 15.
Ne4 Qa5+ 16. Kf2 O-O-O 17. a3 Kb8 18. b4 cxb4 19. axb4 Qxa1 20. Rxa1 Bxa1 21.
Qa2 Bg7 22. c5 dxc5 23. bxc5 f5 24. Nd2 Bc3 25. Nb1 Bb4 26. Qc4 a5 27. Nc3 Rc8
28. c6 Rhd8 29. Nb5 bxc6 30. dxc6 Rxd3 31. c7+ Kb7 32. Qxd3 Bc5 33. Qb3 Bb6 34.
Qd5+ Ka6 35. Qd7 Kb7 36. Qxe7 Ka6 37. Qe6 Kxb5 38. Qxc8 Kc6 39. Qe6+ Kxc7 40.
Qxh6 gxf4 41. gxf4 Bc5 42. Qa6 Bb6 43. Qb5 Kb7 44. Kg3 Kc7 45. e4 Bd1 46. Qb1
1-0

[Event "Campionatul National de sah al Romaniei"]
[Site "Calimanesti-Caciulata"]
[Date "2015.04.04"]
[Round "7.2"]
[White "Stanciu, Ioana-Georgiana"]
[Black "Ciungan, Diana Alexandra"]
[Result "1-0"]
[WhiteElo "1829"]
[BlackElo "1724"]
[PlyCount "53"]
[EventDate "2015.03.30"]
[EventRounds "5"]

1. e4 e6 2. d4 d5 3. Nc3 Bb4 4. e5 c5 5. a3 Bxc3+ 6. bxc3 Qc7 7. Qg4 f5 8. Qg3
Ne7 9. Qxg7 Rg8 10. Qxh7 cxd4 11. Ne2 Qxe5 12. cxd4 Qe4 13. h4 Nbc6 14. Bg5 Rf8
15. O-O-O f4 16. Qxe4 dxe4 17. Nxf4 Nf5 18. c3 Rh8 19. Bc4 e3 20. g4 Nd6 21.
Bxe6 exf2 22. d5 Na5 23. Nh5 Nac4 24. Rd4 b5 25. Rf4 Bxe6 26. dxe6 Rc8 27. Ng7#
1-0

[Event "Campionatul National de sah al Romaniei"]
[Site "Calimanesti-Caciulata"]
[Date "2015.04.05"]
[Round "8.1"]
[White "Cirlig, Ioana Andreea"]
[Black "Stanciu, Ioana-Georgiana"]
[Result "0-1"]
[WhiteElo "1816"]
[BlackElo "1829"]
[PlyCount "66"]
[EventDate "2015.03.30"]
[EventRounds "5"]

1. e4 c5 2. Nf3 Nc6 3. d3 d6 4. g3 g6 5. Bg2 Bg7 6. O-O Nf6 7. c3 O-O 8. Re1
Bg4 9. h3 Bxf3 10. Qxf3 Rb8 11. Be3 Nd7 12. Qd1 b5 13. d4 Qc7 14. d5 Nce5 15.
f4 Nc4 16. Bc1 b4 17. Re2 a5 18. Qd3 Ncb6 19. c4 a4 20. Nd2 a3 21. Nf3 Na4 22.
Qb3 axb2 23. Bxb2 Bxb2 24. Rxb2 Nxb2 25. Qxb2 Ra8 26. Bf1 Ra3 27. Be2 Qa5 28.
Bd1 Rc3 29. Qe2 b3 30. a3 Rb8 31. Kg2 b2 32. Rb1 Rc1 33. Nd2 Qc3 0-1

[Event "Campionatul National de sah al Romaniei"]
[Site "Calimanesti-Caciulata"]
[Date "2015.04.06"]
[Round "9.1"]
[White "Stanciu, Ioana-Georgiana"]
[Black "Moldovan ,  Petruta-Alisia "]
[Result "1-0"]
[WhiteElo "1829"]
[BlackElo "1705"]
[PlyCount "81"]
[EventDate "2015.03.30"]
[EventRounds "5"]

1. e4 c5 2. Nf3 e6 3. d4 cxd4 4. Nxd4 Nc6 5. Nb5 d6 6. c4 a6 7. N5c3 Nf6 8. g3
Be7 9. Bg2 e5 10. O-O Rb8 11. Na3 Be6 12. h3 Qc8 13. Kh2 Nd4 14. Nd5 Nxd5 15.
cxd5 Bd7 16. Be3 Nb5 17. Rc1 Qd8 18. Nc4 b6 19. a4 Na7 20. a5 Nc8 21. axb6 Nxb6
22. Nxb6 Rxb6 23. Bxb6 Qxb6 24. Qc2 Bd8 25. f4 exf4 26. gxf4 Bb5 27. Rfe1 O-O
28. e5 Qd4 29. Re4 Qxd5 30. Rd1 Qe6 31. exd6 Qd7 32. Qc5 g6 33. Bf1 Bxf1 34.
Rxf1 Bf6 35. Qc7 Qb5 36. Rf2 Qd3 37. Rfe2 Qf3 38. d7 Bh4 39. f5 Bd8 40. Qd6
Qxf5 41. Re8 1-0

[Event "25th Seacoast Trophy"]
[Site "?"]
[Date "2015.06.24"]
[Round "?"]
[White "Stanciu, Ioana-Georgiana"]
[Black "Thesing, Matthias"]
[Result "0-1"]
[WhiteElo "1973"]
[BlackElo "2315"]
[PlyCount "46"]
[EventDate "2015.??.??"]

1. e4 c5 2. Nf3 e6 3. d4 cxd4 4. Nxd4 a6 5. Be3 Nf6 6. Nd2 Qc7 7. f4 d6 8. Bd3
Nbd7 9. Qf3 h5 10. O-O-O Nc5 11. Kb1 b5 12. h3 h4 13. Rhg1 Bb7 14. g4 hxg3 15.
Rxg3 O-O-O 16. Rg5 d5 17. e5 Nfe4 18. Bxe4 dxe4 19. Qg2 g6 20. c4 Rxd4 21. Bxd4
e3 22. Nf3 Be4+ 23. Ka1 Nb3+ 0-1

[Event "EU-ch G18"]
[Site "?"]
[Date "2015.09.22"]
[Round "?"]
[White "Franca, Veronika"]
[Black "Stanciu, Ioana-Georgiana"]
[Result "1-0"]
[WhiteElo "1909"]
[BlackElo "2038"]
[PlyCount "109"]
[EventDate "2015.??.??"]

1. d4 Nf6 2. c4 g6 3. Nc3 Bg7 4. e4 d6 5. Nf3 O-O 6. Be2 e5 7. d5 a5 8. Bg5 Na6
9. Nd2 Bd7 10. a3 h6 11. Be3 Nh7 12. Qc2 f5 13. f3 f4 14. Bf2 Qg5 15. Bf1 Nf6
16. Rb1 h5 17. b4 axb4 18. axb4 Qh6 19. c5 Rf7 20. Nc4 Bf8 21. c6 bxc6 22. dxc6
Be6 23. b5 Nc5 24. Bxc5 dxc5 25. Nxe5 Re7 26. Bc4 Bxc4 27. Nxc4 g5 28. O-O g4
29. e5 Nh7 30. Nd5 Rg7 31. fxg4 Rxg4 32. h3 Rg7 33. Rxf4 Qe6 34. Nf6+ Nxf6 35.
exf6 Rg5 36. f7+ Kh8 37. Qc3+ Kh7 38. Qf6 Qd5 39. Ne3 Qd3 40. Qxg5 Qxb1+ 41.
Rf1 Qg6 42. Qxg6+ Kxg6 43. Nd5 Rc8 44. Rf3 Kg7 45. Kf2 Bd6 46. Ne3 Kf8 47. Nc4
Be7 48. Ne5 Kg7 49. Rg3+ Kh7 50. Nd7 Ra8 51. Rf3 Bf8 52. Nxf8+ Rxf8 53. g4 hxg4
54. hxg4 c4 55. Ke3 1-0

[Event "EU-ch G18"]
[Site "?"]
[Date "2015.09.24"]
[Round "?"]
[White "Stanciu, Ioana-Georgiana"]
[Black "Boehm, Jana"]
[Result "0-1"]
[WhiteElo "2038"]
[BlackElo "1939"]
[PlyCount "94"]
[EventDate "2015.??.??"]

1. e4 c5 2. Nf3 d6 3. d4 cxd4 4. Nxd4 Nf6 5. Nc3 a6 6. Be3 e5 7. Nb3 Be6 8. Be2
Be7 9. f4 exf4 10. Bxf4 Nc6 11. Qd2 O-O 12. Rd1 Ne5 13. O-O b5 14. Qd4 Nc6 15.
Qe3 Ng4 16. Qg3 Bh4 17. Qd3 Qb6+ 18. Kh1 Nf2+ 19. Rxf2 Bxf2 20. Bxd6 Rfd8 21.
Qf3 Bd4 22. Qg3 Bf6 23. Rf1 Be7 24. Bc7 Qb7 25. Bxd8 Rxd8 26. Nd5 Bd6 27. Qg5
Qb8 28. Nf6+ Kh8 29. Nh5 Be5 30. c3 h6 31. Qh4 Qd6 32. Bg4 Bc4 33. Rg1 a5 34.
Qf2 b4 35. Qf3 Bxh2 36. Rd1 Qxd1+ 37. Qxd1 Rxd1+ 38. Bxd1 Be5 39. Nd2 Bxa2 40.
cxb4 axb4 41. Ba4 Na5 42. b3 Bc3 43. Nf3 Bxb3 44. Bxb3 Nxb3 45. Nf4 Nd2 46.
Nxd2 Bxd2 47. Nd3 b3 0-1

[Event "EU-ch G18"]
[Site "?"]
[Date "2015.09.29"]
[Round "?"]
[White "Gueci, Laura"]
[Black "Stanciu, Ioana-Georgiana"]
[Result "0-1"]
[WhiteElo "2023"]
[BlackElo "2038"]
[PlyCount "82"]
[EventDate "2015.??.??"]

1. c4 Nf6 2. g3 g6 3. Bg2 Bg7 4. Nc3 O-O 5. d3 d6 6. Nf3 c5 7. O-O Nc6 8. a3
Bd7 9. Rb1 a5 10. Bd2 Rb8 11. Nb5 Qc8 12. Re1 h6 13. Qc1 Kh7 14. Bc3 Bh3 15.
Bh1 Qd7 16. Qd2 b6 17. Rec1 e5 18. b4 axb4 19. axb4 Ng4 20. e3 f5 21. Bg2 Bxg2
22. Kxg2 e4 23. Ng1 Bxc3 24. Nxc3 Nxb4 25. Rxb4 cxb4 26. Nd5 b3 27. Rb1 Qa4 28.
Qc3 Qa2 29. Rb2 Qa1 30. Qxb3 Ra8 31. Qxb6 Ra2 32. Qc7+ Kh8 33. Rxa2 Qxa2 34.
Nh3 Qe2 35. Qa7 Qf3+ 36. Kg1 exd3 37. Qa1+ Ne5 38. Qa2 Qd1+ 39. Kg2 d2 40. Ng1
Qc1 41. Qb3 d1=Q 0-1

[Event "EU-ch G18"]
[Site "?"]
[Date "2015.09.30"]
[Round "?"]
[White "Stanciu, Ioana-Georgiana"]
[Black "Egyed, Viktoria"]
[Result "1-0"]
[WhiteElo "2038"]
[BlackElo "1928"]
[PlyCount "107"]
[EventDate "2015.??.??"]

1. e4 c5 2. Nf3 e6 3. d4 cxd4 4. Nxd4 a6 5. Nc3 Qc7 6. a3 Nf6 7. f3 Be7 8. Be3
O-O 9. g4 Nc6 10. g5 Nh5 11. Qd2 b5 12. Be2 Ne5 13. O-O Nc4 14. Bxc4 bxc4 15.
f4 Bb7 16. Qe2 g6 17. Qg2 Bd6 18. Qg4 Rae8 19. Rad1 Bc5 20. e5 Rd8 21. Rde1 Ba8
22. Kf2 d6 23. Nf3 dxe5 24. Nxe5 Rd2+ 25. Re2 Rfd8 26. Nxc4 Bxe3+ 27. Nxe3 Nxf4
28. Rxd2 Rxd2+ 29. Ke1 Rd4 30. Qg3 e5 31. Ne2 Nxe2 32. Kxe2 Qa5 33. c3 Qb5+ 34.
Ke1 Rd7 35. Rf2 Bc6 36. Ng4 Re7 37. Rd2 Qb6 38. Rc2 e4 39. c4 Qb7 40. Qd6 Re6
41. Nh6+ Kg7 42. Qd4+ f6 43. gxf6+ Kxh6 44. Qe3+ g5 45. Qh3+ Kg6 46. Qxe6 Bd7
47. Qg8+ Kxf6 48. Rf2+ Ke5 49. Qxg5+ Kd4 50. b4 Kxc4 51. Qc5+ Kb3 52. Qc2+ Kxa3
53. Qa2+ Kxb4 54. Rb2+ 1-0

[Event "Finala Campionatului National Individua"]
[Site "?"]
[Date "2015.04.19"]
[Round "?"]
[White "Stanciu, Ioana-Georgiana"]
[Black "Dobre, Ana Margareta"]
[Result "1-0"]
[WhiteElo "1829"]
[BlackElo "2005"]
[PlyCount "113"]
[EventDate "2015.??.??"]

1. e4 c5 2. Nf3 d6 3. d4 cxd4 4. Nxd4 Nf6 5. Nc3 a6 6. Be3 e5 7. Nb3 Be6 8. f3
Nbd7 9. Qd2 Qc7 10. g4 b5 11. g5 Nh5 12. O-O-O Nb6 13. Qf2 Nc4 14. Bxc4 Bxc4
15. Nd5 Bxd5 16. Rxd5 Be7 17. Qh4 Rc8 18. c3 Nf4 19. Bxf4 exf4 20. Kb1 h6 21.
Qh5 Qc4 22. g6 O-O 23. Rg1 f5 24. Nd4 b4 25. Nxf5 Rxf5 26. Qxf5 bxc3 27. Qf7+
Kh8 28. Rc1 c2+ 29. Ka1 Bf6 30. e5 Qf1 31. Qe8+ Rxe8 32. Rxf1 Bxe5 33. Rc1 Re6
34. Rxc2 Rxg6 35. a4 Rg1+ 36. Ka2 Rf1 37. Rd3 g5 38. Rg2 Kg7 39. b4 Kf6 40. b5
Ra1+ 41. Kb3 axb5 42. axb5 Ke6 43. Kb4 Kd7 44. Rc2 h5 45. b6 g4 46. b7 Rb1+ 47.
Rb3 Rxb3+ 48. Kxb3 d5 49. fxg4 hxg4 50. Rc8 f3 51. b8=Q Bxb8 52. Rxb8 Ke7 53.
Rb4 Ke6 54. Rxg4 Ke5 55. Rg8 Kd4 56. Kc2 Ke3 57. Kd1 1-0

[Event "Finala Campionatului National Individua"]
[Site "?"]
[Date "2015.04.20"]
[Round "?"]
[White "Stanciu, Ioana-Georgiana"]
[Black "Ilie, Maria Ruxandra"]
[Result "1/2-1/2"]
[WhiteElo "1829"]
[BlackElo "2020"]
[PlyCount "103"]
[EventDate "2015.??.??"]

1. e4 c5 2. Nf3 e6 3. d4 cxd4 4. Nxd4 Nf6 5. Nc3 Nc6 6. Ndb5 Bc5 7. Nd6+ Ke7 8.
Bf4 e5 9. Nf5+ Kf8 10. Bg5 Bb4 11. Bc4 d5 12. Bxd5 Bxf5 13. Bxc6 bxc6 14. Qxd8+
Rxd8 15. exf5 Bxc3+ 16. bxc3 Rb8 17. f3 Nd5 18. c4 Nb6 19. Rb1 f6 20. Be3 Kf7
21. Ke2 Rhd8 22. Rb4 Nd7 23. Rhb1 a6 24. Rb7 Ke8 25. Ba7 Rxb7 26. Rxb7 Ra8 27.
Bb6 Rb8 28. Rxb8+ Nxb8 29. Kd3 Nd7 30. c5 Nb8 31. a4 Kd7 32. Kc4 Kc8 33. Kb4
Kb7 34. Bd8 Nd7 35. Be7 Kc8 36. Ka5 Kb7 37. g3 Ka7 38. Kb4 Kb7 39. h3 Kc8 40.
Ka5 Kb7 41. h4 Ka7 42. g4 h6 43. Kb4 Kb7 44. Bd8 Kc8 45. Ba5 Kb7 46. Kc4 Kc8
47. Bd2 Kc7 48. f4 Kc8 49. g5 exf4 50. gxh6 gxh6 51. Bxf4 h5 52. Kb4 1/2-1/2

[Event "Pattaya Thailand, World Schools Champio"]
[Site "?"]
[Date "2015.05.14"]
[Round "?"]
[White "Ovezova, Mengli"]
[Black "Stanciu, Ioana-Georgiana"]
[Result "1-0"]
[WhiteElo "1931"]
[BlackElo "2001"]
[PlyCount "84"]
[EventDate "2015.??.??"]

1. d4 d5 2. g3 Nc6 3. Nf3 Bg4 4. Bg2 Qd7 5. Nbd2 O-O-O 6. Nb3 e6 7. Be3 Kb8 8.
Rc1 Bd6 9. O-O f5 10. c4 dxc4 11. Rxc4 Nf6 12. Ng5 Nd5 13. Rxc6 Qxc6 14. Nf7
Qb5 15. Bf3 Bxf3 16. exf3 f4 17. Bd2 h5 18. Nxd8 Rxd8 19. Qe1 Re8 20. Qe4 fxg3
21. fxg3 e5 22. Re1 Nf6 23. Qf5 Qb6 24. Kg2 Qb5 25. Bc3 Nd5 26. Qxh5 Nxc3 27.
bxc3 Qa4 28. Re2 Qb5 29. c4 Qa4 30. dxe5 b6 31. e6 Re7 32. Qb5 Qa3 33. f4 a6
34. Qd5 Bc5 35. Nxc5 Qxc5 36. Qxc5 bxc5 37. f5 Kb7 38. Kf3 Kb6 39. g4 Ka5 40.
g5 Kb4 41. f6 gxf6 42. gxf6 Rh7 1-0

[Event "Campionatele Nationale pe echipe-Superl"]
[Site "Calimanesti-Caciulata"]
[Date "2014.11.08"]
[Round "1.2"]
[White "Stanciu, Ioana-Georgiana"]
[Black "Cosma, Elena Luminita"]
[Result "0-1"]
[WhiteElo "1850"]
[BlackElo "2322"]
[PlyCount "75"]
[EventDate "2014.11.08"]
[EventType "team"]
[EventRounds "7"]
[WhiteTeam "CSM LUGOJ"]
[BlackTeam "ACS APA NOVA BUCURESTI"]

1. e4 e6 2. d4 d5 3. Nc3 h6 4. Be3 dxe4 5. Nxe4 Nd7 6. Qf3 Ngf6 7. Bd3 Be7 8.
O-O-O Nxe4 9. Bxe4 c6 10. Qg3 Qa5 11. Kb1 Nf6 12. Bd3 Kf8 13. Nf3 Bd7 14. Ne5
Be8 15. h4 Nd7 16. Nc4 Qd8 17. Bf4 Nb6 18. Bc7 Qd5 19. Ne5 Rc8 20. Qf4 Kg8 21.
Bxb6 axb6 22. Bc4 Qd8 23. h5 b5 24. Bb3 Bd6 25. Qg4 Rc7 26. f4 Qe7 27. Rh3 Kh7
28. c3 f5 29. Qe2 Qf6 30. g4 Rf8 31. Rg3 Bxe5 32. dxe5 Qh4 33. Qg2 fxg4 34.
Rxg4 Qxh5 35. Bxe6 Rxf4 36. Rh1 Rxg4 37. Bxg4 Bg6+ 38. Ka1 0-1

[Event "Campionatele Nationale pe echipe-Superl"]
[Site "Calimanesti-Caciulata"]
[Date "2014.11.10"]
[Round "3.2"]
[White "Stanciu, Ioana-Georgiana"]
[Black "Olea, Liliana"]
[Result "1-0"]
[WhiteElo "1850"]
[BlackElo "1946"]
[PlyCount "87"]
[EventDate "2014.11.08"]
[EventType "team"]
[EventRounds "7"]
[WhiteTeam "CSM LUGOJ"]
[BlackTeam "CS UNIVERSITATEA  ARAD"]

1. e4 e5 2. Nf3 Nc6 3. Bc4 Bc5 4. c3 Nf6 5. d3 d6 6. Bb3 a6 7. O-O Ba7 8. Nbd2
O-O 9. h3 Ne7 10. d4 Ng6 11. Re1 Qe7 12. Nc4 c6 13. Qd3 Kh8 14. Be3 Nh5 15.
dxe5 dxe5 16. Nb6 Nhf4 17. Qf1 Bxb6 18. Bxb6 Be6 19. Rad1 Qf6 20. Re3 Rac8 21.
Rd6 c5 22. Ba4 Qe7 23. Qd1 c4 24. Ne1 Qg5 25. Rg3 Qh4 26. Nf3 Qh5 27. Bd7 Bxd7
28. Rxd7 Nd3 29. b3 Ngf4 30. bxc4 Rxc4 31. Rxd3 Nxd3 32. Qxd3 Rfc8 33. Qd5 f6
34. Qxb7 Qh6 35. Be3 g5 36. Qd5 Rxc3 37. Bxg5 Qf8 38. Qe6 R3c6 39. Qd5 Rc5 40.
Qd7 R8c7 41. Qf5 R7c6 42. Be3 Rc2 43. Nxe5 Rd6 44. Bh6 1-0

[Event "Campionatele Nationale pe echipe-Superl"]
[Site "Calimanesti-Caciulata"]
[Date "2014.11.11"]
[Round "4.2"]
[White "Stanciu, Ioana-Georgiana"]
[Black "Raeva, Elitsa"]
[Result "0-1"]
[WhiteElo "1850"]
[BlackElo "2335"]
[PlyCount "128"]
[EventDate "2014.11.08"]
[EventType "team"]
[EventRounds "7"]
[WhiteTeam "CSM LUGOJ"]
[BlackTeam "CS SINANDREI-CSS NR.1 TIMISOARA"]

1. e4 d6 2. d4 Nf6 3. Nc3 g6 4. f3 Bg7 5. Be3 a6 6. Qd2 Nc6 7. Nge2 h5 8. Nf4
e5 9. dxe5 Nxe5 10. O-O-O b5 11. Bd4 Bb7 12. Nfd5 Nxd5 13. Nxd5 Bxd5 14. exd5
O-O 15. Kb1 Re8 16. Qc3 Bh6 17. h4 Rc8 18. g4 c5 19. dxc6 Rxc6 20. Qb3 hxg4 21.
h5 g5 22. fxg4 Nc4 23. Bg2 d5 24. Qf3 Re4 25. Qg3 Rxd4 26. Rxd4 Rd6 27. Rhd1
Qf6 28. c3 b4 29. Rxc4 bxc3 30. Rxc3 Bg7 31. Bxd5 Rb6 32. Bb3 a5 33. Rc8+ Kh7
34. Qd3+ Kh6 35. Qc3 Qxc3 36. bxc3 a4 37. Kc2 axb3+ 38. axb3 Rf6 39. Rcd8 Rf4
40. Rg1 Rf2+ 41. Rd2 Rf3 42. Rd3 Rf2+ 43. Kb1 f5 44. gxf5 Rxf5 45. Rd6+ Kxh5
46. c4 Rf2 47. Rd3 Be5 48. Rgd1 Kh4 49. R1d2 Rf1+ 50. Kc2 g4 51. b4 g3 52. Rd7
Bf4 53. Rh7+ Kg4 54. Rd3 Rf2+ 55. Kd1 g2 56. Rg7+ Bg5 57. Rxg5+ Kxg5 58. Rg3+
Kf4 59. Rg8 Rf1+ 60. Ke2 g1=Q 61. Rxg1 Rxg1 62. Kd3 Ke5 63. c5 Kd5 64. Kc3 Rb1
0-1